<?xml version="1.0" encoding="UTF-8"?>
<record
    xmlns:xsi="http://www.w3.org/2001/XMLSchema-instance"
    xsi:schemaLocation="http://www.loc.gov/MARC21/slim http://www.loc.gov/standards/marcxml/schema/MARC21slim.xsd"
    xmlns="http://www.loc.gov/MARC21/slim">

  <leader>00767nam a2200241Ia 4500</leader>
  <controlfield tag="001">4928</controlfield>
  <controlfield tag="003">GE_BSU</controlfield>
  <controlfield tag="008">181216s||||||||xx |||||||||||||| ||und||</controlfield>
  <datafield tag="040" ind1=" " ind2=" ">
    <subfield code="c">GE_BSU</subfield>
  </datafield>
  <datafield tag="080" ind1=" " ind2=" ">
    <subfield code="a">624.012.45(075.8)</subfield>
  </datafield>
  <datafield tag="100" ind1=" " ind2=" ">
    <subfield code="a">&#x411;&#x430;&#x439;&#x43A;&#x43E;&#x432;,&#x412;.&#x41D;.  &#x421;&#x438;&#x433;&#x430;&#x43B;&#x43E;&#x432;,&#x42D;.&#x415;.</subfield>
  </datafield>
  <datafield tag="245" ind1=" " ind2=" ">
    <subfield code="a">&#x416;&#x435;&#x43B;&#x435;&#x437;&#x43E;&#x431;&#x435;&#x442;&#x43E;&#x43D;&#x43D;&#x44B;&#x435; &#x43A;&#x43E;&#x43D;&#x441;&#x442;&#x440;&#x443;&#x43A;&#x446;&#x438;&#x438;. &#x41E;&#x431;&#x449;&#x438;&#x439; &#x43A;&#x443;&#x440;&#x441;.</subfield>
  </datafield>
  <datafield tag="245" ind1=" " ind2=" ">
    <subfield code="b">&#x423;&#x447;&#x435;&#x431;&#x43D;&#x438;&#x43A;  &#x434;&#x43B;&#x44F; &#x432;&#x443;&#x437;&#x43E;&#x432;.</subfield>
  </datafield>
  <datafield tag="245" ind1=" " ind2=" ">
    <subfield code="c">&#x420;&#x435;&#x434;.&#x431;&#x43E;&#x43B;&#x43E;&#x442;&#x438;&#x43D;&#x430;.</subfield>
  </datafield>
  <datafield tag="250" ind1=" " ind2=" ">
    <subfield code="a">&#x438;&#x437;&#x434;. 3-&#x435;, &#x438;&#x441;&#x43F;&#x440;&#x430;&#x432;&#x43B;&#x435;&#x43D;&#x43D;&#x43E;&#x435;.</subfield>
  </datafield>
  <datafield tag="260" ind1=" " ind2=" ">
    <subfield code="a">&#x41C;.</subfield>
  </datafield>
  <datafield tag="260" ind1=" " ind2=" ">
    <subfield code="b">&#x421;&#x442;&#x440;&#x43E;&#x439;&#x438;&#x437;&#x434;&#x430;&#x442;.</subfield>
  </datafield>
  <datafield tag="260" ind1=" " ind2=" ">
    <subfield code="c">1978.</subfield>
  </datafield>
  <datafield tag="300" ind1=" " ind2=" ">
    <subfield code="a">767&#x441;&#x442;&#x440;.22&#x441;&#x43C;.</subfield>
  </datafield>
  <datafield tag="300" ind1=" " ind2=" ">
    <subfield code="e">&#x427;&#x435;&#x440;&#x442;&#x435;&#x436;. &#x41F;&#x440;&#x438;&#x43B;&#x43E;&#x436;&#x435;&#x43D;&#x438;&#x44F;:&#x441;&#x442;&#x440;.735-742.</subfield>
  </datafield>
  <datafield tag="653" ind1=" " ind2=" ">
    <subfield code="a">&#x416;&#x435;&#x43B;&#x435;&#x437;&#x43E;&#x431;&#x435;&#x442;&#x43E;&#x43D;&#x43D;&#x44B;&#x435; &#x43A;&#x43E;&#x43D;&#x441;&#x442;&#x440;&#x443;&#x43A;&#x446;&#x438;&#x438;.</subfield>
  </datafield>
  <datafield tag="942" ind1=" " ind2=" ">
    <subfield code="c">BK</subfield>
  </datafield>
  <datafield tag="999" ind1=" " ind2=" ">
    <subfield code="c">38683</subfield>
    <subfield code="d">38683</subfield>
  </datafield>
  <datafield tag="952" ind1=" " ind2=" ">
    <subfield code="0">0</subfield>
    <subfield code="1">0</subfield>
    <subfield code="4">0</subfield>
    <subfield code="7">0</subfield>
    <subfield code="9">40889</subfield>
    <subfield code="d">2018-12-17</subfield>
    <subfield code="p">11427</subfield>
    <subfield code="r">2018-12-17</subfield>
    <subfield code="w">2018-12-17</subfield>
    <subfield code="y">BK</subfield>
  </datafield>
  <datafield tag="952" ind1=" " ind2=" ">
    <subfield code="0">0</subfield>
    <subfield code="1">0</subfield>
    <subfield code="4">0</subfield>
    <subfield code="7">0</subfield>
    <subfield code="9">40890</subfield>
    <subfield code="d">2018-12-17</subfield>
    <subfield code="p">11426</subfield>
    <subfield code="r">2018-12-17</subfield>
    <subfield code="w">2018-12-17</subfield>
    <subfield code="y">BK</subfield>
  </datafield>
  <datafield tag="952" ind1=" " ind2=" ">
    <subfield code="0">0</subfield>
    <subfield code="1">0</subfield>
    <subfield code="4">0</subfield>
    <subfield code="7">0</subfield>
    <subfield code="9">40891</subfield>
    <subfield code="d">2018-12-17</subfield>
    <subfield code="p">11425</subfield>
    <subfield code="r">2018-12-17</subfield>
    <subfield code="w">2018-12-17</subfield>
    <subfield code="y">BK</subfield>
  </datafield>
  <datafield tag="952" ind1=" " ind2=" ">
    <subfield code="0">0</subfield>
    <subfield code="1">0</subfield>
    <subfield code="4">0</subfield>
    <subfield code="7">0</subfield>
    <subfield code="9">40892</subfield>
    <subfield code="d">2018-12-17</subfield>
    <subfield code="p">11424</subfield>
    <subfield code="r">2018-12-17</subfield>
    <subfield code="w">2018-12-17</subfield>
    <subfield code="y">BK</subfield>
  </datafield>
</record>
